000 00347nam a2200157Ia 4500
003 OSt
005 20240330160751.0
008 170524s9999 xx 000 0 und d
020 _a978-1-25-902936-3
040 _cIIMTU MEERUT
100 _aSINGH-NARENDAR
100 _c2012
245 0 _aINDUSTRIAL SOCIOLOGY
260 _aTMH
942 _2ddc
_c02
999 _c2984
_d2984